[Event "Piemont Province-ch"]
[Site "Santhia"]
[Date "2011.03.04"]
[Round "1"]
[White "Siclari, Alberto"]
[Black "Scarrone, Alberto"]
[Result "1/2-1/2"]
[WhiteElo "1524"]
[BlackElo "1811"]
[PlyCount "105"]
[EventDate "2011.03.04"]
[EventType "swiss"]
[EventRounds "6"]
[EventCountry "ITA"]
[SourceTitle "EXT 2024"]
[Source "ChessBase"]
[SourceDate "2023.10.10"]
[SourceVersion "1"]
[SourceVersionDate "2023.10.10"]
[SourceQuality "1"]

1. f4 d5 2. Nf3 Nf6 3. d3 c5 4. g3 Nc6 5. Bg2 Bg4 6. h3 Bd7 7. c3 e6 8. 0-0 Bd6 9. Qe1 d4 10. e4 dxe3 11. Bxe3 0-0 12. Na3 Re8 13. Nc4 Bf8 14. Nce5 Nd5 15. Bf2 Bd6 16. Nxd7 Qxd7 17. Ne5 Bxe5 18. fxe5 Qc7 19. d4 cxd4 20. cxd4 Ncb4 21. Qd2 Qc2 22. Qxc2 Nxc2 23. Rac1 Rac8 24. Be4 Nce3 25. Bxe3 Nxe3 26. Rfe1 Nd5 27. a3 Kf8 28. Kf2 Ke7 29. Ke2 b6 30. Rf1 Red8 31. Kd2 Nc7 32. Ke3 Nb5 33. Rxc8 Rxc8 34. h4 h5 35. Bd3 Nc7 36. Ke4 Nd5 37. Kf3 g6 38. Be4 Rc7 39. Ke2 Rc8 40. Kd2 Rc4 41. Kd3 Rc8 42. Bxd5 exd5 43. Rf6 Rc1 44. Rf3 Rb1 45. Kc2 Rg1 46. Kc3 Rg2 47. b3 Ra2 48. a4 Rg2 49. Kb4 Rd2 50. Kc3 Re2 51. Kb4 Re4 52. Kc3 Rg4 53. Kd3 1/2-1/2

[Event "Biella Province-ch"]
[Site "Valle Mosso"]
[Date "2010.04.02"]
[Round "3"]
[White "Scarrone, Alberto"]
[Black "Siclari, Alberto"]
[Result "1-0"]
[WhiteElo "1820"]
[BlackElo "1461"]
[PlyCount "135"]
[EventDate "2010.03.12"]
[EventType "k.o."]
[EventRounds "6"]
[EventCountry "ITA"]
[SourceTitle "EXT 2024"]
[Source "ChessBase"]
[SourceDate "2023.10.10"]
[SourceVersion "1"]
[SourceVersionDate "2023.10.10"]
[SourceQuality "1"]

1. d4 f5 2. g3 Nf6 3. Bg2 g6 4. Nh3 Bg7 5. Nf4 0-0 6. h4 Qe8 7. Nc3 c6 8. h5 g5 9. h6 Bh8 10. Nd3 g4 11. Bf4 d6 12. Qd2 Na6 13. 0-0-0 b5 14. Rde1 Rb8 15. e4 Qf7 16. e5 b4 17. exd6 bxc3 18. Qxc3 Nd5 19. Bxd5 Qxd5 20. dxe7 Re8 21. Bxb8 Bxd4 22. Qb3 Qxb3 23. axb3 Nxb8 24. Re2 Kf7 25. Rhe1 Bf6 26. Ne5+ Kg8 27. Nc4 Bg5+ 28. Kd1 Ba6 29. Re5 Bxc4 30. bxc4 Kf7 31. Rxf5+ Bf6 32. Rf4 Rxe7 33. Rxe7+ Kxe7 34. c3 Nd7 35. Rxg4 Ne5 36. Re4 Kd6 37. f4 Nf7 38. g4 Nxh6 39. g5 Ng4 40. Ke2 Be7 41. Kf3 Nh2+ 42. Kg2 Ng4 43. Kg3 Nf6 44. gxf6 Bxf6 45. Kg4 a5 46. Kf5 Bh4 47. Re8 Bf2 48. Re2 Bg1 49. Re6+ Kc5 50. Rh6 Be3 51. Rxh7 Kxc4 52. Ke4 Bc1 53. Rb7 a4 54. Rb4+ Kc5 55. Rxa4 Bxb2 56. Kd3 Bc1 57. f5 Bg5 58. Rg4 Be7 59. Re4 Bd6 60. Re6 Kd5 61. Rxd6+ Kxd6 62. Kc4 c5 63. f6 Ke6 64. Kxc5 Kxf6 65. Kc6 Ke6 66. c4 Ke7 67. c5 Kd8 68. Kb7 1-0